Регионална библиотека "Любен Каравелов" - Русе

Българското опълчение (Запис номер 122025)

MARC детайли
000 -Лидер
Контролно поле с фиксирана дължина 01809nam a2200421 c 4500
003 - Код на организацията, давaща контролен номер
Контролно поле BLK
005 - Дата и час на последна редакция
Контролно поле 20250129005524.0
008 - Елементи от данни с фиксирана дължина
fixed length control field 180409b bul|||||r ||||||| ||bul||
010 ## - Наследен системен номер
LC control number KNG00127658000
040 ## - Източник на каталожния запис
Идентификатор на билиотеката - собственик на записа BLK
041 ## - Код за език
Код за езика на текст/звукозапис или на отделно заглавие Български
Код за езика КДБФ Български
080 ## - УДК
Текстов определител УДК Освобождение на България. Руско-турска война (1877-1878)
УДК код - определител по УДК 94(497.2)"1877/1878"
УДК определител (092)(035)
УДК - код + определител 94(497.2)"1877/1878"(092)(035)
080 ## - УДК
Текстов определител УДК Биографии
УДК код - определител по УДК 929
УДК определител (497.2)
УДК - код + определител 929(497.2)
100 ## - Редна дума - Автор
Автор Анчев, Анчо Трифонов
Автор - информация (биография) Историк
R(LIN) 377064
139 ## - Редно поле
Редна дума Анчев, Анчо Трифонов
Авторски знак Анч - А 77
245 10 - Сведения за заглавието
Заглавие Българското опълчение
Подзаглавни данни Истор. очерк
Редно поле (дума) Анчо Трифонов Анчев.
257 ## - Страна на издаване
Страна на създаване/издаване България
260 ## - Област на издателските данни
Име на издателя, разпространителя и проч. Нар. просв.
Година на издаване 1968
Място на издаване, разпространение и проч. София
300 ## - Физическа характеристика
Страници 112 с.
Илюстрации и др. с ил., факс.
Размери/Мащаб 21 см
380 ## - Жанр
Жанр История
490 ## - СЕРИИ (Колекции)
Име на серия Популярна историческа библиотека
9 (RLIN) 204709
500 ## - Общи забележки
Забележка 10 084 тир<br/>Библиогр. с. 110
650 #4 - Допълнително описание по предмет – тема
Основно описание – тема или топоним Българско опълчение - популярна литература
9 (RLIN) 251222
650 #7 - Допълнително описание по предмет – тема
Основно описание – тема или топоним Руско-турска освободителна война 1877 - 1878
Източник на редна или ключова дума
9 (RLIN) 170039
651 #4 - Допълнително описание по предмет - топоним
Географско понятие България
9 (RLIN) 241624
653 ## - Ключова дума – ненормативна
Ключова дума Руско-турска освободителна война 1877-1878
653 ## - Ключова дума – ненормативна
Ключова дума опълченци
653 ## - Ключова дума – ненормативна
Ключова дума исторически личности
653 ## - Ключова дума – ненормативна
Ключова дума българска история
852 ## - Местоположение
Форматна сигнатура Цб 44215
Фондова буква Хранилище
856 4# - Електронен адрес и достъп
Електронен формат pdf - файл
856 4# - Електронен адрес и достъп
Електронен формат pdf - файл
999 ## - СИСТЕМНИ КОНТРОЛНИ НОМЕРА
Koha biblionumber 122025
Koha biblioitemnumber 122025
942 ## - АРТИКУЛИ
Вид на библиотечния материал Книги
Скрит в OPAC Не
Периодичен библиозапис Да
944 ## - СЪЗДАВАНЕ И РЕДАКЦИЯ на ЗАПИСА
Създаване/Редакция Създаване
Дата на регистрацията/редакция 17.02.2012
Статус, дата на статуса CRON CRON
Служител, извършил регистрацията/редакцията
944 ## - СЪЗДАВАНЕ И РЕДАКЦИЯ на ЗАПИСА
Създаване/Редакция Редакция
Дата на регистрацията/редакция 28.09.2017
Статус, дата на статуса 17.02.2012 - от С1,Р / 17.02.2012
Служител, извършил регистрацията/редакцията Вася_Ганчева
944 ## - СЪЗДАВАНЕ И РЕДАКЦИЯ на ЗАПИСА
Създаване/Редакция Редакция
Дата на регистрацията/редакция 2022-06-14
Служител, извършил регистрацията/редакцията ВП
999 ## - СИСТЕМНИ КОНТРОЛНИ НОМЕРА
Koha biblioitemnumber 122025
Наличности
Код за отписване Код за изгубен артикул Източник на класификационната схема Код за повреда Коз за рестрикции Код за отдаване Артикулен № Име на библиотеката - собственик Име на библиотеката, в която се намира в момента Статус (Текущо местоположение) Дата на вписване в системата Местоположение - отдел Цена в лева Инвентарен номер Систематично азбучна сигнатура Баркод Номер на екземпляра Цена в евро Служебна бележка Служебен тип на артикула Бележка за публиката
  Не е изгубен Universal Decimal Classification Не е повреден без рестрикции ползва се в читалня 197341 Регионална библиотека "Любен Каравелов" Русе Регионална библиотека "Любен Каравелов" Русе Хранилище 1968-01-01 Хранилище 0.26 5678/68 Цб 44215 900000100883 1 0.13 N: стар фонд Дата: 01.01.1968 Книги  
Изтеглен Не е изгубен Universal Decimal Classification Не е повреден без рестрикции заемане за дома 197342 Регионална библиотека "Любен Каравелов" Русе Регионална библиотека "Любен Каравелов" Русе Заемна - подръчен фонд 1968-01-01 Заемна - подръчен фонд 0.26 634079 П 947.92.43/А 77 634079 2 0.13 N: стар фонд Дата: 01.01.1968 Книги  
Изтеглен Не е изгубен Universal Decimal Classification Не е повреден без рестрикции заемане за дома 197343 Регионална библиотека "Любен Каравелов" Русе Регионална библиотека "Любен Каравелов" Русе Заемна - подръчен фонд 1968-01-01 Заемна - подръчен фонд   5467/68 П 947.92.43/А 77 5467/68 3 0.00 N: стар фонд Дата: 01.01.1968 Книги  
Изтеглен Не е изгубен Universal Decimal Classification Не е повреден без рестрикции заемане за дома 197344 Регионална библиотека "Любен Каравелов" Русе Регионална библиотека "Любен Каравелов" Русе Заемна - подръчен фонд 1968-01-01 Заемна - подръчен фонд   5468/68 П 947.92.43/А 77 5468/68 4 0.00 N: стар фонд Дата: 01.01.1968 Книги  
Изтеглен Не е изгубен   Не е повреден без рестрикции заемане за дома 197345 Регионална библиотека "Любен Каравелов" Русе Регионална библиотека "Любен Каравелов" Русе   1968-01-01 Детски отдел 0.26 5247/68 ДН 947.92.43/А 77 5247/68 5 0.13 N: стар фонд Дата: 01.01.1968 Дата инв: 12.10.2015 Бележки инв: Д2015 Книги Отч.N: 49/17 , Дата: 09.10.2017
Изтеглен Не е изгубен   Не е повреден без рестрикции заемане за дома 197346 Регионална библиотека "Любен Каравелов" Русе Регионална библиотека "Любен Каравелов" Русе   1968-01-01 Детски отдел 0.26 5248/68 ДН 947.92.43/А 77 5248/68 6 0.13 N: стар фонд Дата: 01.01.1968 Дата инв: 09.10.2015 Бележки инв: Д2015 Книги Отч.N: 40/2017 , Дата: 07.09.2017
Vip Innovations Ltd, Rousse, Bulgaria 2025